=LDR 00000nam 2200000 4500 =001 INLIS000000000002132 =005 20130612090507 =008 ***********************************Ind** =035 ##$$0010-061300000002132 =041 ##$$a Ind =082 ##$$a 726.143 095 982 3 =090 ##$$a 726.143 095 982 3 , Ari p =100 ##$$a Arismunandar =245 ##$$a Prambanan , Arismunandar =260 ##$$a 1990 $b Jakarta =300 ##$$a iii, 52 hlm , ilus , 32 cm =650 ##$$a Candi - Prambanan =850 ##$$a NBPNMAT